| 000 | 00443nam a2200133Ia 4500 | ||
|---|---|---|---|
| 008 | 231017s9999 xx 000 0 und d | ||
| 082 | _a625.7 | ||
| 082 | _bROG | ||
| 245 | 0 | _aCompaction and measurement of field density for Oregon open graded (F-MIX) Asphalt Pavement | |
| 245 | 0 | _c"Oregon Department of Transportation, Research Group" | |
| 260 | _b"Oregon Department of Transportation, Research Group" | ||
| 300 | _c30cm | ||
| 942 | _cREP | ||
| 999 |
_c605793 _d605793 |
||